000 00624nam a2200181Ia 4500
008 100917s9999 xx 000 0 und d
082 _b35861
100 _aरांगणेकर कुमुदिनी
245 _aकन्या सासुर्यासी जाये
260 _bनेत्रा प्रकाशन
_c---
300 _a141
365 _b12
520 _aकादंबरी
630 _aकन्या सासुर्यासी जाये
650 _aकादंबरी
730 _aकन्या सासुर्यासी जाये
942 _cBOOK
999 _c641255
_d641252